Journal of cooperative education.

Saved in:
Bibliographic Details
Corporate Author: Cooperative Education Association
Format: Journal
Language:English
Published: Long Island City, N.Y. : Cooperative Education Association.
Subjects:
Online Access:ProQuest
LEADER 02474nas a2200505 a 4500
001 c000180414
003 CARM
005 20050124152752.0
008 751101c19659999nyutr1p 0 a0eng u
010 |a sf 80000460 
010 |z sn 79008019 
019 1 |a 1900954 
022 |a 0022-0132 
022 0 |a 0022-0132 
040 |a LC  |b eng  |c LC  |d WCX  |d VIT 
042 |a nsdp  |a lc 
050 0 0 |a LB1029.C6  |b J63 
082 0 0 |a 378.199  |2 21 
210 0 |a J. coop. educ 
222 4 |a The Journal of cooperative education 
245 0 0 |a Journal of cooperative education. 
260 |a Long Island City, N.Y. :  |b Cooperative Education Association. 
300 |a v. ;  |c 24 cm. 
310 |a Three no. a year  |b <, Mar. 1978-> 
321 |a Semiannual  |b <, May 1969-> 
362 1 |a Began in 1965?  |z Cf. New serial titles. 
500 |a Refereed serial. 
510 1 |a Education index  |x 0013-1385 
510 2 |a Current index to journals in education  |x 0011-3565 
530 |a Electronic version available via ProQuest Education Complete 
555 |a Vol. 19-32, 1983-1997 (Issued as v. 33, no. 3) 1 v. 
650 0 |a Education, Cooperative  |x Periodicals. 
710 2 |a Cooperative Education Association. 
856 4 |u http://proquest.umi.com/pqdlink?Ver=1&Exp=03-20-2008&REQ=3&Cert=0pCmV0SGvtxSXLVLwdxTow7PHb1sKiMvijFfdxUDnA4nJ0fmHh0X5rDJk%2bZ3WRyr5%2bm77bYwo6g-&Pub=18124  |z ProQuest 
852 8 |b CARM  |h A2:AK16B0  |i B05377  |p 0247966  |f SE 
852 8 |b CARM  |h A2:AR04E0  |i D07468  |p 0247970  |f SE 
852 8 |b CARM  |h A2:AK07C0  |i C06341  |p 0247864  |f SE 
852 8 |b CARM  |h A2:AK22C0  |i C06376  |p 0248423  |f SE 
866 0 |a (1966:11) - 36:3(2001)Inc 
866 0 |a (1966:11) - 36:3(2001)Inc 
999 f f |i a0112b4d-6533-5b97-84dc-749309fc0350  |s f9a3b214-0b03-5082-b5fd-4313761c998f 
952 f f |p Can circulate  |a CAVAL  |b CAVAL  |c CAVAL  |d CARM 1 Store  |e C06341  |f A2:AK07C0  |h Other scheme  |i book  |k 22:1(1985:Fall)-23:3(1987:spr.); 25:1(1988:fall)-28:3(1993;spr.)  |m 0247864 
952 f f |p Can circulate  |a CAVAL  |b CAVAL  |c CAVAL  |d CARM 1 Store  |e B05377  |f A2:AK16B0  |h Other scheme  |i book  |k (1966:11) ; 5:1(1968:11) ; 7:1(1970:11)-9:2(1973:05) ; 28:1(1992:fall) ; 29:1(1993:fall) ; 29:2(1994:win)-29:3(1994:spr.) ; 30:1(1994:fall)-33:3(1998:spr.)  |m 0247966 
952 f f |p Can circulate  |a CAVAL  |b CAVAL  |c CAVAL  |d CARM 1 Store  |e C06376  |f A2:AK22C0  |h Other scheme  |i book  |k 10:1(1973:11)-21:3(1985:Spr)  |m 0248423 
952 f f |p Can circulate  |a CAVAL  |b CAVAL  |c CAVAL  |d CARM 1 Store  |e D07468  |f A2:AR04E0  |h Other scheme  |i book  |k 34:1(1999)-36:3(2001)  |m 0247970